000 00307nam a2200121Ia 4500
005 20251222152555.0
008 251222s9999||||xx |||||||||||||| ||spa||
082 _a343.8/C523/Ej.2
100 _aChapi Choque, Pedro Pablo
245 0 _aAplicaciones del Código Tributario
250 _a1ra.ed.
942 _cLIB
999 _c26411
_d26411